Регионална библиотека "Любен Каравелов" - Русе

Стоманена целувка (Запис номер 180481)

MARC детайли
000 -Лидер
Контролно поле с фиксирана дължина 01404nam a2200373 c 4500
003 - Код на организацията, давaща контролен номер
Контролно поле BLK
005 - Дата и час на последна редакция
Контролно поле 20240924093922.0
008 - Елементи от данни с фиксирана дължина
fixed length control field 180411b bul|||||r ||||||| ||bul||
010 ## - Наследен системен номер
LC control number KNG00189338000
020 ## - Международен стандартен номер на книга ISBN
Международен стандартен номер на книга ISBN 978-954-389-396-6
-- издат.: Ера
040 ## - Източник на каталожния запис
Идентификатор на билиотеката - собственик на записа BLK
041 ## - Код за език
Код за езика на текст/звукозапис или на отделно заглавие Български
Код за езика КДБФ Български
072 #7 - Код за тематичната категория
Код организация bullib
Код за тематична категория Н8301
Текст Трилъри Н
080 ## - УДК
Текстов определител УДК Американска литература (на САЩ)
УДК код - определител по УДК 821.111(73)
УДК определител -312.4
УДК - код + определител 821.111(73)-312.4
100 1# - Редна дума - Автор
Автор Дивър, Джефри Уилдс
Авторска отговорност първи автор
R(LIN) 366681
139 ## - Редно поле
Редна дума Дивър, Джефри Уилдс
Авторски знак Ди - Д 53
245 10 - Сведения за заглавието
Заглавие Стоманена целувка
Подзаглавни данни Роман
Редно поле (дума) Джефри Уилдс Дивър; прев. от англ. Юлия Недкова Чернева.
257 ## - Страна на издаване
Страна на създаване/издаване Съединени американски щати
260 ## - Област на издателските данни
-- София
Име на издателя, разпространителя и проч. Ера
Година на издаване 2016
Печатница София : Експреспринт
300 ## - Физическа характеристика
Страници 455 с.
Размери/Мащаб 20 см
380 ## - Жанр
Жанр Худож. лит.
490 1# - СЕРИИ (Колекции)
Име на серия Ератрилър
500 ## - Общи забележки
Забележка Ориг. загл. The Steel Kiss / Jeffery Deaver.
653 ## - Ключова дума – ненормативна
Ключова дума крими
653 ## - Ключова дума – ненормативна
Ключова дума романи
659 ## - Тематичен бюлетин
Тематичен бюлетин Н
700 ## - Други автори (авторска отговорност)
Лично име Чернева, Юлия Недкова
Дати, свързани с автора 1955-
9 (RLIN) 365526
852 ## - Местоположение
Форматна сигнатура Цб 281584
856 4# - Електронен адрес и достъп
Електронен формат pdf - файл
Път до файла /url/
856 4# - Електронен адрес и достъп
Електронен формат pdf - файл
Път до файла /url/
942 ## - АРТИКУЛИ
Вид на библиотечния материал Книги
Скрит в OPAC Не
Koha issues (borrowed), all copies 105
944 ## - СЪЗДАВАНЕ И РЕДАКЦИЯ на ЗАПИСА
Създаване/Редакция Създаване
Дата на регистрацията/редакция 20.07.2016
Статус, дата на статуса Цветелина Шанова
Служител, извършил регистрацията/редакцията 30531
944 ## - СЪЗДАВАНЕ И РЕДАКЦИЯ на ЗАПИСА
Създаване/Редакция Редакция
Дата на регистрацията/редакция 03.02.2017
Статус, дата на статуса ф /
Служител, извършил регистрацията/редакцията Людмила_Стоянова
999 ## - СИСТЕМНИ КОНТРОЛНИ НОМЕРА
Koha biblionumber 180481
Koha biblioitemnumber 180481
Наличности
Код за отписване Код за изгубен артикул Източник на класификационната схема Код за повреда Коз за рестрикции Код за отдаване Артикулен № Име на библиотеката - собственик Име на библиотеката, в която се намира в момента Статус (Текущо местоположение) Дата на вписване в системата Местоположение - отдел Цена в лева Инвентарен номер Систематично азбучна сигнатура Баркод Номер на екземпляра Цена в евро Служебна бележка Служебен тип на артикула
  Не е изгубен Universal Decimal Classification Не е повреден без рестрикции заемане за дома 309285 Регионална библиотека "Любен Каравелов" Русе Регионална библиотека "Любен Каравелов" Русе Заемна - подръчен фонд 2016-07-21 Заемна - подръчен фонд 14.03 120000802404 П 820(73)-31/Д 53 120000802404 1 7.17 Дост: Pk Вид: Ф N: 700 Дата: 19.07.2016 Дата инв: 12.03.2018 Бележки инв: П2018 Книги
Изтеглен Не е изгубен Universal Decimal Classification Не е повреден без рестрикции заемане за дома 309286 Регионална библиотека "Любен Каравелов" Русе Регионална библиотека "Любен Каравелов" Русе Количка 2016-12-21 Заемна - подръчен фонд 13.60 120000807194 П 820(73)-31/Д 53 120000807194 2 6.95 Дост: Pk Вид: Ф N: 475 Дата: 19.12.2016 Дата инв: 21.02.2018 Бележки инв: П2018 Книги
Vip Innovations Ltd, Rousse, Bulgaria 2025